00419nam a22001457a 4500020001500000082001200015100002100027245007500048260003500123300000800158490003300166505003000199650003500229650000900264 a9552306663 a547 GUN aGunaherath,G.M.K aOrganic Chemistry- part V :Chemistry of Amines and Alicyclic Compounds aColombobOpen Universityc1998 a72p aOrganic Chemistry - CHU 2221 aBachelor Science :Level 4 a chemistrya organic chemistry aOUSL